Paramilitares, self-defence groups and peace negotiantions /
Salvato in:
| Autore principale: | |
|---|---|
| Natura: | testo |
| Soggetti: | |
| Tags: |
Aggiungi Tag
Nessun Tag, puoi essere il primo ad aggiungerne!!
|
MARC
| LEADER | 00000 a a2200000 04500 | ||
|---|---|---|---|
| 001 | 4482 | ||
| 003 | |||
| 040 | |||
| 100 | |a Romero, Mauricio | ||
| 245 | |a Paramilitares, self-defence groups and peace negotiantions / |c Mauricio Romero | ||
| 650 | |a GUERRILLEROS | ||
| 650 | |a GOBIERNO | ||
| 650 | |a PAZ | ||
| 650 | |a CONFLICTOS POLITICOS | ||
| 650 | |a COLOMBIA | ||
| 650 | |a HOMICIDIO | ||
| 773 | |g número 18; páginas 101-122 | ||
| 999 | |c 36323 |d 36323 | ||
